01707 2200301 4500001002100000005001500021035002000036007000300056008004100059020002200100082001200122084002100134100002800155245007500183300002900258650001600287700002400303520087400327600002301201264004301224336002101267337003001288338002301318990001601341990001601357990001601373990001601389INLIS00000000116259320221108030306 a0010-1122000130ta221108 g 0 ind  a978-602-9434-94-1 a649.152 aSR 649.152 AUL o0 aAulia Fadhliepengarang1 aOrang tua dengan anak tunagrahita /cAulia Fadhli; editor, Abd. Kholiq avi, 120 halaman ;c21 cm 4aTunagrahita0 aAbd. Kholiqeeditor aRetardasi mental juga diartikan sebagai suatu keadaan perkembangan jiwa yang terhenti atau tidak lengkap yang terutama ditandai oleh terjadinya rendahnya keterampilan selama masa perkembangan, sehingga berpengaruh pada tingkat kecerdasan secara menyeluruh, misalnya kemampuan kognitif, bahasa, motorik dan sosia. Banyak faktor yang menyebabkan anak mengalami gangguan ini, seperti faktor biologik. Agar lebih paham dan lebih mengenal gangguan retardasi mental sehingga dapat dilakukan pencegahan dan penanganan secara dini serta memberikan pelayanan pendidikan yang tepat, maka buku inilah pilihannya. Di dalamnya dijelaskan tentang: -mengenai retardasi mental (down syndrome) - penanganan retardasi mental ( down syndrome} - melaih kemandirian anak down syndrome - pelayanan dan pendidikan untuk anak down syndrome - peran orang tua dalam menghadapi anak down syndrome 4aOrang tua dan anak aYogyakarta :bRelasi Inti Media,c2022 2rdacontentaTeks 2rdamediaaTanpa perantara 2rdacarrieraVolume a50433.63253 a50434.63254 a50434.63254 a50433.63253